000 00874nam a2200277Ia 4500
001 21815
005 20260320113315.0
008 260320s9999||||xx |||||||||||||| ||und||
020 _a9788425234064
041 _aESP
082 _a729
_bCH554
100 _aChing, Francis D. K.,
_eAUT
245 0 _aDiseño de interiores :
_bun manual
246 _a
_5
_b
250 _aTercera edición, primera tirada
260 _aBarcelona :
_bGG,
_c2023
300 _a354 páginas :
_bilustraciones ;
_c30 cm.
_e
440 _a
_n
_v
505 _aEn la portada. Tercera edición ampliada y revisada
650 _aABD
653 _aDiseño arquitectónico; Diseño de interiores
654 _aCAU
700 _a
_c
856 _uhttps://www-architectureopenlibrary-com.ucsp.lookproxy.com/
_zVéase además: Base de datos Architecture Open Library
942 _cLIB
_dJUS
_fMAT
_2ddc
_n
999 _c21815
_d21815